000 00272nam a2200109Ia 4500
008 200302s9999 xx 000 0 und d
100 _aJ. M. Richards
245 _aNew Buildings in the Commonwealth
260 _bThe Architectural Press
260 _c1961
300 _a240 P.,
999 _c2321
_d2321